banner-ar

TEMPETE SUR CAP D'AIL: ROMAN / (Record no. 20890)

MARC details
000 -الفاتح
حقل البيانات ثابتة الطول 00604nam a2200205Ia 4500
008 - عناصر البيانات ثابتة الطول - معلومات عامة
حقل البيانات ثابتة الطول 140319s9999 xx 000 0 eng d
040 ## - مصدر الفهرسة
وكالة الفهرسة الأصلية GCL /
وكالة النسخ GCL
082 04 - رقم تصنيف ديوى العشرى
رقم التصنيف 892.76
رقم المادة S T
100 1# - المدخل الرئيسى - إسم شخصى
الإسم الشخصى SABRI EL-ASKARI
245 10 - بيان العنوان
العنوان TEMPETE SUR CAP D'AIL: ROMAN /
بيان المسئوليه,etc SABRI EL-ASKARI
260 ## - PUBLICATION, DISTRIBUTION, ETC. (IMPRINT)
تاريخ النشر أو التوزيع 1991
300 ## - الوصف المادى
التعداد 92 P
490 ## - بيان السلسلة
عنوان السلسلة PRINCETON STUDIES IN INTERNATIONAL HISTORY AND POLITICS
رقم المجلد/ التعيين التسلسلي 0
650 04 - المدخل الاضافى بالموضوع-مصطلح موضوعى
مصطلح موضوعي HISTORY AND CRITICISM
650 04 - المدخل الاضافى بالموضوع-مصطلح موضوعى
مصطلح موضوعي ARABIC LANGUAGE
650 04 - المدخل الاضافى بالموضوع-مصطلح موضوعى
مصطلح موضوعي ARABIC LITERATURE
650 04 - المدخل الاضافى بالموضوع-مصطلح موضوعى
مصطلح موضوعي EGYPT - LITERATURE
942 ## - عناصر المدخل الإضافي( كوها)
مصدر التصنيف او مخطط الترفيف Dewey Decimal Classification
Koha [default] item type كتاب
260 ## - PUBLICATION, DISTRIBUTION, ETC. (IMPRINT)
-- [S.N] :
-- LE DEPARTEMENT DE L'INFORMATION ،
Holdings
حالة التراجع حالة الفقد حالة تلف ليس للاعارة المكان المؤقت الموقع الحالى تاريخ الاكتساب اجمالي اﻻعارات رقم الطلب الباركود تاريخ اخر مشاهدة تاريخ تفعيل السعر نوع وعاء كوها
        مكتبة القاهرة الكبرى مكتبة القاهرة الكبرى 03/26/2014   892.76\S T 38903 03/26/2014 03/26/2014 كتاب

Powered By

EGPV